000 01288nam a22004097a 4500
005 20250908154634.0
008 180306b2016 xxu||||| |||| 00| 0 spa d
020 _a9788490743775
041 _aESP
082 _a658.45 C355m
100 _aCastro, Adela de
_945887
245 _aManual práctico de comunicación organizacional
260 _aEspaña
260 _bVerbum
260 _c2016
300 _a94 páginas
490 _aDirección y Administración de empresas
_aSecretariado
505 _aParte I. La comunicación formal e informal, esenciales en la empresa.
650 _aCOMUNICACIÓN COMO TÉCNICA GERENCIAL
650 _aCOMUNICACIÓN FORMAL
650 _aCOMUNICACIÓN INFORMAL
650 _aEXPRESIÓN ORAL
650 _aCOMUNICACIÓN VISUAL
650 _aCOMUNICACIÓN CORPORAL
650 _aCOMUNICACIÓN ORAL
650 _aCOMUNICACIÓN ESCRITA
650 _aCOMUNICACIÓN ASERTIVA
650 _aLINEAMIENTOS PARA UNA BUENA COMUNICACIÓN ORGANIZACIONAL
650 _aPAUTAS PARA COMUNICARSE CON EL JEFE
650 _aORGANIZACIÓN
650 _aTRABAJO EN EQUIPO
650 _aREUNIONES EFICACES
650 _aREUNIONES DE EQUIPO
650 _aDIRECTORES DE REUNIONES
650 _aTIPOS DE REUNIONES
942 _cBK
_2ddc
999 _c10396
_d10396